[Event "X C.to Europeo"]
[Site "Budva MNE"]
[Date "2009.03.16"]
[Round "10"]
[White "Durarbeyli, Vasif"]
[Black "Godena, Michele"]
[Result "1/2-1/2"]
[WhiteElo "2439"]
[BlackElo "2537"]
[PlyCount "40"]
[EventDate "2009.03.06"]

1. e4 e5 2. Nf3 Nc6 3. Bb5 a6 4. Ba4 Nf6 5. O-O b5 6. Bb3 Bc5 7. a4 Bb7 8. d3
b4 9. a5 d5 10. Nbd2 O-O 11. exd5 Nxd5 12. Nc4 Nd4 13. Ncxe5 Nxb3 14. cxb3 f6
15. d4 Bd6 16. Nc4 Re8 17. Qd3 Qd7 18. Nxd6 cxd6 19. Bd2 Bc6 20. Rfe1 Bb5
1/2-1/2

[Event "X C.to Europeo"]
[Site "Budva MNE"]
[Date "2009.03.17"]
[Round "11"]
[White "Godena, Michele"]
[Black "Valeanu, Eduard-Andrei"]
[Result "1-0"]
[WhiteElo "2537"]
[BlackElo "2432"]
[PlyCount "79"]
[EventDate "2009.03.06"]

1. e4 c5 2. c3 Nf6 3. e5 Nd5 4. Nf3 Nc6 5. d4 cxd4 6. cxd4 d6 7. Bc4 Nb6 8. Bb5
Bd7 9. Nc3 dxe5 10. d5 Nb4 11. Nxe5 Bxb5 12. Nxb5 Rc8 13. O-O Qxd5 14. Nxa7 Ra8
15. Be3 Qxd1 16. Raxd1 N6d5 17. a3 Nxe3 18. Nb5 Na6 19. fxe3 f6 20. Nc4 e6 21.
Nb6 Rb8 22. b4 h5 23. Rd7 h4 24. Rfd1 Rh5 25. Nd6+ Bxd6 26. R1xd6 Kf8 27. Rxe6
Rb5 28. Nc4 Nxb4 29. Nd6 Rd5 30. axb4 Ra8 31. Rc7 Rd1+ 32. Kf2 Ra2+ 33. Kf3 Kg8
34. Ne8 Rf1+ 35. Ke4 Rxg2 36. Ree7 Rg4+ 37. Kd3 Rxb4 38. Rxg7+ Kf8 39. Rh7 Rg4
40. Nxf6 1-0

[Event "X C.to Europeo"]
[Site "Budva MNE"]
[Date "2009.03.17"]
[Round "11"]
[White "Kalezic, Blazo"]
[Black "Caruana, Fabiano"]
[Result "0-1"]
[WhiteElo "2460"]
[BlackElo "2646"]
[PlyCount "130"]
[EventDate "2009.03.06"]

1. e4 e5 2. Nf3 Nc6 3. Bb5 a6 4. Ba4 Nf6 5. O-O Nxe4 6. d4 b5 7. Bb3 d5 8. dxe5
Be6 9. c3 Bc5 10. Qe2 O-O 11. Nbd2 Bf5 12. e6 Nf6 13. exf7+ Rxf7 14. Nb1 Qd7
15. Bg5 Re8 16. Qd1 Na5 17. Nd4 Nc4 18. Bxf6 Rxf6 19. Nd2 Nxb2 20. Qh5 Nc4 21.
Nxf5 Rxf5 22. Qd1 Nxd2 23. Qxd2 Ref8 24. Kh1 c6 25. f4 Qd6 26. g3 R5f7 27. Bc2
Re8 28. a4 Rfe7 29. Rfe1 b4 30. Rxe7 Qxe7 31. Qd3 Qe4+ 32. Qxe4 dxe4 33. cxb4
Bxb4 34. Bd1 e3 35. Be2 a5 36. Kg2 Bd2 37. Kf3 Rb8 38. Ra2 Rb4 39. Rc2 Rxa4 40.
Rxc6 Rd4 41. Rc8+ Kf7 42. Rc7+ Kf8 43. Ra7 h6 44. h4 h5 45. f5 Rd6 46. Kf4 g6
47. Kg5 gxf5 48. Kxf5 Rc6 49. Ke4 Rg6 50. Bxh5 Rxg3 51. Be2 Rh3 52. h5 Rh4+ 53.
Kd3 Rf4 54. h6 Kg8 55. h7+ Kh8 56. Kc2 Rf2 57. Bd3 Bb4+ 58. Kb3 Rf8 59. Rd7 Rc8
60. Ka4 Rb8 61. Be2 Bd2 62. Bd3 e2 63. Bxe2 Rb4+ 64. Ka3 Bc1+ 65. Ka2 Rb2+ 0-1

[Event "X C.to Europeo"]
[Site "Budva MNE"]
[Date "2009.03.17"]
[Round "11"]
[White "Spiric, Igor"]
[Black "Bruno, Fabio"]
[Result "0-1"]
[WhiteElo "2254"]
[BlackElo "2460"]
[PlyCount "92"]
[EventDate "2009.03.06"]

1. d4 e6 2. c4 f5 3. g3 Nf6 4. Bg2 c6 5. Nc3 d5 6. Nh3 Bd6 7. Bf4 Be7 8. O-O
O-O 9. Qd3 Ne4 10. f3 Nxc3 11. bxc3 b6 12. Bxb8 Rxb8 13. cxd5 cxd5 14. e4 Bb7
15. Nf4 Qd7 16. Rae1 Bd6 17. e5 Be7 18. h4 Rbc8 19. Rf2 Rc7 20. Bf1 Rfc8 21.
Rc2 Bc6 22. Rb2 Ba4 23. Ne2 b5 24. Reb1 Rc4 25. Qe3 a5 26. Rd2 b4 27. cxb4 Bc2
28. Rxc2 Rxc2 29. a3 axb4 30. axb4 Bd8 31. b5 Bb6 32. Rb3 Ra8 33. Qd3 Rc4 34.
Qd2 Qc7 35. Rd3 Qxe5 36. Kh2 Qf6 37. Qf4 Bc7 38. Qg5 Qxg5 39. hxg5 Rc2 40. Re3
Kf7 41. Rb3 Raa2 42. b6 Rxe2+ 43. Bxe2 Rxe2+ 44. Kh3 Bb8 45. b7 Rc2 46. f4 Rc4
0-1

[Event "X C.to Europeo femminile"]
[Site "San Pietroburgo RUS"]
[Date "2009.03.08"]
[Round "1"]
[White "Kuzevanova, Evgenia"]
[Black "Zimina, Olga"]
[Result "0-1"]
[WhiteElo "2131"]
[BlackElo "2363"]
[PlyCount "48"]
[EventDate "2009.03.08"]

1. e4 e5 2. Bc4 Nf6 3. d3 Nc6 4. Nf3 Bc5 5. O-O O-O 6. c3 d5 7. exd5 Nxd5 8. b4
Be7 9. h3 Bf6 10. Nfd2 Nb6 11. Ne4 Nxc4 12. dxc4 Be7 13. Qe2 f5 14. Ned2 Bf6
15. Nb3 Qe8 16. Na3 Qg6 17. Nb5 f4 18. Kh1 a6 19. Nxc7 Bd8 20. Nxa8 f3 21. gxf3
Qh5 22. Kg1 Rf6 23. Rd1 Bxh3 24. Bf4 exf4 0-1

[Event "X C.to Europeo femminile"]
[Site "San Pietroburgo RUS"]
[Date "2009.03.08"]
[Round "1"]
[White "Lupik, Marina"]
[Black "Sedina, Elena"]
[Result "1-0"]
[WhiteElo "2163"]
[BlackElo "2380"]
[PlyCount "107"]
[EventDate "2009.03.08"]

1. e4 e6 2. d4 d5 3. Nc3 Nf6 4. e5 Nfd7 5. f4 c5 6. Nf3 Nc6 7. Be3 cxd4 8. Nxd4
Bc5 9. Qd2 O-O 10. O-O-O Qe7 11. h4 f6 12. Nxc6 bxc6 13. Bxc5 Qxc5 14. exf6
Nxf6 15. h5 Rb8 16. a3 Ng4 17. Re1 Qb6 18. Na4 Qc7 19. Nc5 Qxf4 20. Qxf4 Rxf4
21. Nxe6 Rf6 22. Nc5 Bf5 23. Re7 Nf2 24. Rg1 Ne4 25. Na6 Rbf8 26. g4 Bc8 27.
Bd3 Nf2 28. Rxa7 Nxd3+ 29. cxd3 Rf1+ 30. Rxf1 Rxf1+ 31. Kc2 Bxg4 32. Nb4 Rf2+
33. Kc3 d4+ 34. Kxd4 Rxb2 35. Nxc6 Bxh5 36. Ke5 Be8 37. Ne7+ Kf8 38. d4 h5 39.
Nf5 Re2+ 40. Kf4 g6 41. Nd6 h4 42. Rh7 Bc6 43. Kg5 Kg8 44. Rxh4 Kg7 45. Rg4 Bf3
46. Rg3 Bd5 47. Rc3 Rg2+ 48. Kf4 Kf6 49. Ne4+ Ke6 50. Rc5 Rh2 51. Ng5+ Kd6 52.
Ra5 Rh4+ 53. Ke3 Rh1 54. Ra6+ 1-0

[Event "X C.to Europeo femminile"]
[Site "San Pietroburgo RUS"]
[Date "2009.03.08"]
[Round "1"]
[White "Vasilevich, Irina"]
[Black "Brunello, Marina"]
[Result "0-1"]
[WhiteElo "2340"]
[BlackElo "2106"]
[PlyCount "68"]
[EventDate "2009.03.08"]

1. Nf3 Nf6 2. g3 d5 3. Bg2 e6 4. O-O Be7 5. d3 O-O 6. Nbd2 c5 7. e4 dxe4 8.
dxe4 Nc6 9. c3 Qc7 10. Qe2 b6 11. Re1 a5 12. a4 Ba6 13. Nc4 Rfd8 14. Bf4 Qb7
15. Nfd2 Rd7 16. e5 Nd5 17. Qg4 Kh8 18. h4 Nxf4 19. Qxf4 Kg8 20. Qg4 Rad8 21.
Rad1 Qc7 22. f4 Rd3 23. Be4 h5 24. Qxh5 Rxg3+ 25. Kh2 g6 26. Qe2 Bxh4 27. Nf1
Rxd1 28. Rxd1 Bxc4 29. Qxc4 Nxe5 30. fxe5 Qxe5 31. Kh1 Rg4 32. Nd2 Bf2 33. Nf3
Qh5+ 34. Nh2 Rh4 0-1

[Event "X C.to Europeo femminile"]
[Site "San Pietroburgo RUS"]
[Date "2009.03.09"]
[Round "2"]
[White "Brunello, Marina"]
[Black "Grabuzova, Tatiana"]
[Result "1-0"]
[WhiteElo "2106"]
[BlackElo "2332"]
[PlyCount "119"]
[EventDate "2009.03.08"]

1. e4 e6 2. d4 d5 3. Nd2 a6 4. Ngf3 c5 5. exd5 exd5 6. dxc5 Bxc5 7. Bd3 Qe7+ 8.
Qe2 Qxe2+ 9. Kxe2 Nf6 10. Nb3 Ba7 11. Be3 Bg4 12. h3 Bh5 13. Bxa7 Rxa7 14. Rhe1
O-O 15. Nbd4 Nbd7 16. Kf1 Nc5 17. Re7 Nxd3 18. cxd3 Rc8 19. Rae1 Kf8 20. Nh4
Bg6 21. Nhf5 Rca8 22. Rc7 b5 23. Ree7 Rxc7 24. Rxc7 b4 25. Ke2 h5 26. g3 a5 27.
Ne3 Ke8 28. Rb7 h4 29. gxh4 Nh5 30. Nxd5 Kf8 31. Kd2 Rd8 32. Nc6 Re8 33. Nxa5
f6 34. Nc6 Bf5 35. Ncxb4 Bxh3 36. a4 Bg2 37. Rc7 Bf3 38. a5 Ra8 39. Rc5 Kf7 40.
Nc7 Rc8 41. Ke3 Ba8 42. d4 g6 43. Nxa8 Rxa8 44. a6 Ke6 45. Rc7 Re8 46. Rb7 Kd6+
47. Kf3 Re1 48. a7 Ra1 49. Ke3 Re1+ 50. Kd2 Ra1 51. Rb6+ Kc7 52. Na6+ Kxb6 53.
a8=Q Rxa6 54. Qb8+ Kc6 55. d5+ Kc5 56. Kc3 Rd6 57. Qb7 Rb6 58. Qc7+ Kb5 59.
Qc4+ Ka5 60. d6 1-0

[Event "X C.to Europeo femminile"]
[Site "San Pietroburgo RUS"]
[Date "2009.03.09"]
[Round "2"]
[White "Sedina, Elena"]
[Black "Minina, Veronika"]
[Result "0-1"]
[WhiteElo "2380"]
[BlackElo "2125"]
[PlyCount "94"]
[EventDate "2009.03.08"]

1. e4 c5 2. Nf3 e6 3. Nc3 a6 4. g3 b5 5. Bg2 Bb7 6. d3 d6 7. O-O Nf6 8. Ng5 Nc6
9. f4 Be7 10. f5 exf5 11. Rxf5 O-O 12. Rf1 Ne5 13. Qe2 b4 14. Nd1 Nfg4 15. Nf3
Bf6 16. Nxe5 Nxe5 17. Ne3 a5 18. Bd2 a4 19. a3 b3 20. Bc3 bxc2 21. Qxc2 Ba6 22.
Rad1 Bg5 23. Nd5 Bb7 24. Nf4 Nc6 25. Qf2 Bf6 26. Kh1 Bd4 27. Qd2 Be5 28. Ne2
Ba6 29. Rf2 Qb6 30. d4 Bxe2 31. dxc5 Qxc5 32. Rxe2 Rab8 33. Qc2 Bxc3 34. Qxc3
Qxc3 35. bxc3 Rb3 36. h3 Rxa3 37. Rxd6 Rxc3 38. Ra2 a3 39. e5 Nxe5 40. Kh2 g6
41. Ra6 Nc4 42. Bd5 Ne3 43. Bg2 Nc2 44. Ra7 Rd8 45. g4 Rd2 46. Re7 Rb3 47. Kg1
Rb1+ 0-1

[Event "X C.to Europeo femminile"]
[Site "San Pietroburgo RUS"]
[Date "2009.03.10"]
[Round "3"]
[White "Brunello, Marina"]
[Black "Foisor, Cristina-Adela"]
[Result "0-1"]
[WhiteElo "2106"]
[BlackElo "2412"]
[PlyCount "50"]
[EventDate "2009.03.08"]

1. e4 e5 2. Nf3 Nc6 3. d4 exd4 4. Nxd4 Nf6 5. Nc3 Bb4 6. Nxc6 bxc6 7. Bd3 d5 8.
exd5 cxd5 9. Qe2+ Qe7 10. Bd2 Qxe2+ 11. Kxe2 O-O 12. Rhe1 c5 13. b3 Bb7 14. Kf1
c4 15. bxc4 dxc4 16. Rab1 a5 17. Bf5 Ba6 18. Red1 g6 19. Bh3 Rfe8 20. Kg1 Rad8
21. g3 Rd6 22. Bf4 Rxd1+ 23. Nxd1 Re1+ 24. Kg2 c3 25. f3 Bc5 0-1

[Event "X C.to Europeo femminile"]
[Site "San Pietroburgo RUS"]
[Date "2009.03.10"]
[Round "3"]
[White "Hoang, Thanh Trang"]
[Black "Zimina, Olga"]
[Result "1-0"]
[WhiteElo "2483"]
[BlackElo "2363"]
[PlyCount "77"]
[EventDate "2009.03.08"]

1. d4 d5 2. c4 e6 3. Nf3 c6 4. Qc2 Nf6 5. g3 Ne4 6. Bg2 Bd6 7. O-O O-O 8. Nc3
f5 9. Rb1 Qe7 10. b4 Bd7 11. b5 Nxc3 12. Qxc3 cxb5 13. cxd5 b4 14. Qb3 a5 15.
Ne5 Na6 16. Nxd7 Qxd7 17. dxe6 Qe7 18. Bg5 Qxg5 19. e7+ Rf7 20. Bxb7 Qxe7 21.
Bxa8 Nc7 22. Bd5 Nxd5 23. Qxd5 f4 24. Qxa5 fxg3 25. Qa8+ Rf8 26. Qd5+ Kh8 27.
fxg3 Rd8 28. Qg2 Qa7 29. e3 h6 30. Rbc1 Be7 31. h4 Bd6 32. Rc6 Bb8 33. Rfc1 Qd7
34. Qf3 Bd6 35. Kg2 Bb8 36. R1c2 Re8 37. e4 Ba7 38. d5 Bd4 39. Qf5 1-0

[Event "X C.to Europeo femminile"]
[Site "San Pietroburgo RUS"]
[Date "2009.03.10"]
[Round "3"]
[White "Khokhlova, Ekaterina"]
[Black "Sedina, Elena"]
[Result "1/2-1/2"]
[WhiteElo "1822"]
[BlackElo "2380"]
[PlyCount "105"]
[EventDate "2009.03.08"]

1. e4 e6 2. d4 d5 3. exd5 exd5 4. Bd3 Nc6 5. c3 Bd6 6. Qf3 Be6 7. Ne2 Qd7 8. h3
h6 9. Bf4 Nf6 10. Nd2 O-O-O 11. Bxd6 Qxd6 12. Bf5 Rhe8 13. O-O Bxf5 14. Qxf5+
Kb8 15. Rae1 g6 16. Qf4 Qxf4 17. Nxf4 g5 18. Nd3 Ne4 19. Nf3 f6 20. Re2 Re7 21.
Rfe1 Rde8 22. Nh2 h5 23. f3 Nd6 24. Rxe7 Rxe7 25. Rxe7 Nxe7 26. Kf2 Kc8 27. Nf1
b6 28. Ne3 Kd7 29. g4 h4 30. Ke2 Ke6 31. a4 Ng6 32. b3 a5 33. Kf2 f5 34. gxf5+
Nxf5 35. Nxf5 Kxf5 36. Ke3 Nf8 37. b4 Ne6 38. b5 Nd8 39. Ne5 Ne6 40. Nd3 Nd8
41. Ne5 Nb7 42. c4 dxc4 43. Nxc4 Nd6 44. Ne5 Ne8 45. Ng4 Nd6 46. Ne5 Ne8 47.
Ng4 Ng7 48. Nh6+ Kg6 49. Ng8 Kf7 50. Nh6+ Kg6 51. Ng8 Kf5 52. Nh6+ Kg6 53. Ng8
1/2-1/2

[Event "X C.to Europeo femminile"]
[Site "San Pietroburgo RUS"]
[Date "2009.03.11"]
[Round "4"]
[White "Sedina, Elena"]
[Black "Zizlova, Sofia"]
[Result "0-1"]
[WhiteElo "2380"]
[BlackElo "2020"]
[PlyCount "60"]
[EventDate "2009.03.08"]

1. e4 c5 2. Nf3 d6 3. d4 cxd4 4. Qxd4 Nc6 5. Bb5 Bd7 6. Bxc6 Bxc6 7. Nc3 Nf6 8.
Bg5 e6 9. O-O-O Be7 10. Qd3 Qa5 11. h4 Rc8 12. Nd4 O-O 13. f4 Qc7 14. f5 Bd7
15. Kb1 a6 16. Nf3 Bc6 17. Nd4 Bd7 18. g4 b5 19. Bxf6 Bxf6 20. g5 Be5 21. h5
Qc4 22. Rh3 Bxd4 23. Qxd4 Qxd4 24. Rxd4 exf5 25. Rxd6 Be6 26. g6 fxe4 27. Rh1
b4 28. gxf7+ Bxf7 29. Nxe4 Bxh5 30. Rxa6 Bf3 0-1

[Event "X C.to Europeo femminile"]
[Site "San Pietroburgo RUS"]
[Date "2009.03.11"]
[Round "4"]
[White "Severiukhina, Zoja"]
[Black "Brunello, Marina"]
[Result "1/2-1/2"]
[WhiteElo "2327"]
[BlackElo "2106"]
[PlyCount "94"]
[EventDate "2009.03.08"]

1. e4 c5 2. Nf3 d6 3. d4 cxd4 4. Nxd4 Nf6 5. Nc3 a6 6. Be3 e6 7. f3 h5 8. Qd2
Qc7 9. a4 b6 10. Be2 Nbd7 11. O-O Bb7 12. Rfd1 Rc8 13. a5 b5 14. Bxb5 axb5 15.
Ndxb5 Qb8 16. a6 Bc6 17. a7 Qa8 18. Nxd6+ Bxd6 19. Qxd6 h4 20. Ra5 Rh5 21. Rxh5
Nxh5 22. b4 Nhf6 23. b5 Bb7 24. Na4 Rxc2 25. Bc5 Qd8 26. b6 Rc4 27. Bb4 h3 28.
Nc5 Qxb6 29. Qb8+ Nxb8 30. axb8=Q+ Ke7 31. e5 Rxb4 32. Qxb7+ Qxb7 33. exf6+
Kxf6 34. Nxb7 Rxb7 35. gxh3 Rb2 36. Rd4 e5 37. Rg4 g6 38. h4 Kf5 39. h3 f6 40.
Ra4 Rd2 41. Rg4 Ra2 42. Rb4 Re2 43. Kf1 Rd2 44. Rg4 Rd4 45. Kg2 Rd2+ 46. Kg3
Re2 47. Ra4 Re3 1/2-1/2

[Event "X C.to Europeo femminile"]
[Site "San Pietroburgo RUS"]
[Date "2009.03.12"]
[Round "5"]
[White "Brunello, Marina"]
[Black "Aginian, Nelly"]
[Result "1/2-1/2"]
[WhiteElo "2106"]
[BlackElo "2335"]
[PlyCount "160"]
[EventDate "2009.03.08"]

1. e4 e6 2. d4 d5 3. Nd2 c5 4. Ngf3 Nf6 5. exd5 exd5 6. Bb5+ Bd7 7. Bxd7+ Nbxd7
8. O-O Be7 9. Re1 O-O 10. dxc5 Nxc5 11. Nf1 Re8 12. Be3 Qc7 13. Bd4 Nce4 14. c3
Bd6 15. Ne3 Rad8 16. Qb3 b6 17. Bxf6 Nxf6 18. Nxd5 Nxd5 19. Rxe8+ Rxe8 20. Qxd5
h6 21. Rd1 Bc5 22. Qd3 a5 23. Kf1 Qf4 24. g3 Qg4 25. Kg2 Re6 26. Re1 Rxe1 27.
Nxe1 Qe6 28. Qb1 Qe2 29. Nd3 Qe4+ 30. Kg1 h5 31. Qd1 Qd5 32. a3 h4 33. Qe2 hxg3
34. hxg3 Bd6 35. Qe3 Qc6 36. Qd4 Bc7 37. c4 Qa4 38. Qd5 Qb3 39. Kg2 g6 40. Qe4
Qa4 41. Kh2 Qb3 42. Qa8+ Kg7 43. Qd5 Kg8 44. Qd4 Qa4 45. Qc3 Qd1 46. Kg2 Qa4
47. c5 Qe4+ 48. Kg1 bxc5 49. Nxc5 Qd5 50. b4 axb4 51. axb4 Bb6 52. Qd3 Qe5 53.
Qe4 Qd6 54. Qc4 Qc6 55. Qd4 Qe8 56. Kg2 Qc6+ 57. Qe4 Qd6 58. Nd3 Qd7 59. Ne5
Qe6 60. Qa8+ Kg7 61. Qb8 Qd5+ 62. Nf3 Qc6 63. Qe5+ Kg8 64. b5 Qb7 65. Qf6 Bc5
66. Qd8+ Kg7 67. Qd3 Qb6 68. Qe2 Kg8 69. Qe8+ Kg7 70. Ng5 Qa7 71. Qe5+ Kg8 72.
Ne4 Bd4 73. Qd6 Kg7 74. Kh2 f5 75. Ng5 Bxf2 76. Ne6+ Kf7 77. Nd8+ Kg7 78. Ne6+
Kf7 79. Ng5+ Kg7 80. Ne6+ Kf7 1/2-1/2

[Event "X C.to Europeo femminile"]
[Site "San Pietroburgo RUS"]
[Date "2009.03.12"]
[Round "5"]
[White "Chetina, Elizaveta"]
[Black "Sedina, Elena"]
[Result "0-1"]
[WhiteElo "1645"]
[BlackElo "2380"]
[PlyCount "92"]
[EventDate "2009.03.08"]

1. e4 c5 2. Nf3 Nc6 3. d4 cxd4 4. Nxd4 g6 5. Nc3 Bg7 6. Be3 Nf6 7. Be2 O-O 8.
O-O d6 9. Qd2 Bd7 10. h3 Rc8 11. Nf3 Qa5 12. Bh6 Be6 13. Bxg7 Kxg7 14. a3 a6
15. Kh1 Ne5 16. Nd4 Nc4 17. Nxe6+ fxe6 18. Bxc4 Rxc4 19. Qe2 Qc5 20. Rae1 e5
21. Rd1 Qc6 22. f3 b5 23. Qe1 a5 24. Qh4 b4 25. axb4 axb4 26. Nd5 Nxd5 27. exd5
Rxh4 28. dxc6 Rc4 29. Ra1 Rxc6 30. Ra7 Rxc2 31. Rxe7+ Rf7 32. Re6 Rf6 33. Re7+
Rf7 34. Re6 Rd2 35. Rc1 Rd7 36. Rc8 Rxb2 37. g4 Ra7 38. Rc1 Rd2 39. Re8 b3 40.
Rb8 b2 41. Rb1 Ra2 42. f4 Rc2 43. Rb7+ Kf8 44. Rb8+ Ke7 45. Rb7+ Kd8 46. Rxh7
Ra1 0-1

[Event "X C.to Europeo femminile"]
[Site "San Pietroburgo RUS"]
[Date "2009.03.13"]
[Round "6"]
[White "Savina, Anastasia"]
[Black "Brunello, Marina"]
[Result "1/2-1/2"]
[WhiteElo "2297"]
[BlackElo "2106"]
[PlyCount "51"]
[EventDate "2009.03.08"]

1. d4 d5 2. c4 e6 3. Nc3 Be7 4. cxd5 exd5 5. Bf4 c6 6. e3 Bf5 7. g4 Bg6 8. h4
h6 9. h5 Bh7 10. Bd3 Nf6 11. Bxh7 Nxh7 12. Nge2 Nd7 13. Ng3 Ndf8 14. Nf5 Ne6
15. Bg3 Nf6 16. Qe2 Bb4 17. f3 Qa5 18. Kf2 O-O 19. Qd3 Rfe8 20. a3 Bf8 21. b4
Qd8 22. Na4 a5 23. Nc5 b6 24. Nxe6 Rxe6 25. b5 c5 26. a4 1/2-1/2

[Event "X C.to Europeo femminile"]
[Site "San Pietroburgo RUS"]
[Date "2009.03.13"]
[Round "6"]
[White "Sedina, Elena"]
[Black "Alekseeva, Alena"]
[Result "1-0"]
[WhiteElo "2380"]
[BlackElo "2039"]
[PlyCount "51"]
[EventDate "2009.03.08"]

1. e4 c6 2. Ne2 d5 3. e5 Bf5 4. Ng3 Bg6 5. h4 h6 6. h5 Bh7 7. e6 fxe6 8. d4 Qd6
9. Bd3 Bxd3 10. Qxd3 e5 11. dxe5 Qxe5+ 12. Be3 Nd7 13. O-O Qf6 14. c4 e6 15.
cxd5 cxd5 16. Nc3 a6 17. Rfe1 Ne7 18. Nce4 Qe5 19. Nc5 Nxc5 20. Bxc5 Qf6 21.
Qb3 O-O-O 22. Rac1 Nc6 23. Qb6 e5 24. Be3 Kb8 25. Rxc6 Qxc6 26. Qxd8+ 1-0

[Event "X C.to Europeo femminile"]
[Site "San Pietroburgo RUS"]
[Date "2009.03.14"]
[Round "7"]
[White "Avdeenko, Tatiana"]
[Black "Sedina, Elena"]
[Result "0-1"]
[WhiteElo "2168"]
[BlackElo "2380"]
[PlyCount "30"]
[EventDate "2009.03.08"]

1. e4 e6 2. d4 d5 3. Nc3 Nf6 4. e5 Nfd7 5. f4 c5 6. Nf3 Nc6 7. Be3 cxd4 8. Nxd4
Bc5 9. Qd2 O-O 10. O-O-O Qe7 11. g4 f6 12. exf6 Nxf6 13. Be2 Bb4 14. a3 Ne4 15.
Nf5 exf5 0-1

[Event "X C.to Europeo femminile"]
[Site "San Pietroburgo RUS"]
[Date "2009.03.14"]
[Round "7"]
[White "Brunello, Marina"]
[Black "Daulyte, Deimante"]
[Result "0-1"]
[WhiteElo "2106"]
[BlackElo "2278"]
[PlyCount "64"]
[EventDate "2009.03.08"]

1. e4 c5 2. c3 d6 3. d4 Nf6 4. Bd3 g6 5. Nf3 Bg7 6. Be3 Ng4 7. O-O O-O 8. Nbd2
Nc6 9. h3 cxd4 10. Bxd4 Nxd4 11. cxd4 Nf6 12. Qb3 Nh5 13. Rfd1 Nf4 14. Bc4 Rb8
15. Nf1 b5 16. Bd3 Qb6 17. e5 Be6 18. Qa3 Bd5 19. N1d2 dxe5 20. dxe5 Qb7 21.
Bf1 f6 22. exf6 Rxf6 23. Re1 e6 24. Rac1 Rbf8 25. Qd6 R6f7 26. Nh4 Rd7 27. Qb4
g5 28. Nhf3 Nxh3+ 29. gxh3 Bxf3 30. Nxf3 Qxf3 31. Rxe6 Qxf2+ 32. Kh1 Rd2 0-1

[Event "X C.to Europeo femminile"]
[Site "San Pietroburgo RUS"]
[Date "2009.03.16"]
[Round "8"]
[White "Fakhiridou, Ekaterini"]
[Black "Brunello, Marina"]
[Result "1/2-1/2"]
[WhiteElo "2256"]
[BlackElo "2106"]
[PlyCount "82"]
[EventDate "2009.03.08"]

1. e4 c5 2. Nf3 d6 3. Bc4 Nc6 4. d3 Nf6 5. c3 g6 6. Bb3 Bg7 7. O-O O-O 8. Re1
e5 9. Nbd2 Be6 10. Nc4 b5 11. Ne3 Rb8 12. a3 a5 13. a4 b4 14. Bc4 Bxc4 15. Nxc4
bxc3 16. bxc3 Qc7 17. Qc2 d5 18. Na3 Qd7 19. Nb5 Nh5 20. Qa2 Rfd8 21. Bg5 f6
22. Be3 Nf4 23. Bxf4 exf4 24. exd5 Qxd5 25. Re8+ Kf7 26. Qxd5+ Rxd5 27. Rxb8
Nxb8 28. d4 cxd4 29. Nfxd4 f5 30. Kf1 Nd7 31. Nb3 Nb6 32. N5d4 Nc4 33. Ke2 Bf6
34. h3 g5 35. Kd3 Ne5+ 36. Kc2 Nc4 37. Kd3 Ne5+ 38. Kc2 Nc4 39. Kd3 Ne5+ 40.
Ke2 Nc4 41. Kd3 Ne5+ 1/2-1/2

[Event "X C.to Europeo femminile"]
[Site "San Pietroburgo RUS"]
[Date "2009.03.16"]
[Round "8"]
[White "Sedina, Elena"]
[Black "Shaydullina, Sandugach"]
[Result "1-0"]
[WhiteElo "2380"]
[BlackElo "2231"]
[PlyCount "117"]
[EventDate "2009.03.08"]

1. e4 c5 2. c3 d5 3. exd5 Qxd5 4. d4 Nf6 5. Nf3 e6 6. Bd3 Be7 7. O-O O-O 8. Be3
Rd8 9. Qe2 Nc6 10. Rd1 cxd4 11. cxd4 Bd7 12. Nc3 Qh5 13. a3 Rac8 14. Rac1 Bd6
15. h3 a6 16. Qf1 Qa5 17. Nd2 Bb8 18. g3 Re8 19. Nb3 Qh5 20. Be2 Qg6 21. Bd3
Qh5 22. Nc5 Re7 23. Be2 Qg6 24. Bd3 Qh5 25. Be2 Qg6 26. Qg2 Nd5 27. Nxd5 exd5
28. Bd3 Bf5 29. Bxf5 Qxf5 30. g4 Qg6 31. Qxd5 Rd8 32. Qg2 Rde8 33. Nxb7 Re4 34.
Nc5 Rxe3 35. fxe3 Rxe3 36. Rc3 Bf4 37. Rxe3 Bxe3+ 38. Kh1 h6 39. Qe4 Qxe4+ 40.
Nxe4 Nxd4 41. Rd3 f5 42. Rxe3 fxe4 43. Rxe4 Nb3 44. Re3 Nc5 45. b4 Na4 46. Re6
Kf7 47. Rxa6 Nc3 48. Kg2 g6 49. Kf3 h5 50. g5 Nb5 51. a4 Nd4+ 52. Ke4 Ne2 53.
Rf6+ Ke7 54. a5 Kd7 55. a6 Kc7 56. Rxg6 h4 57. Rg7+ Kb8 58. g6 Ng1 59. Rb7+ 1-0

[Event "X C.to Europeo femminile"]
[Site "San Pietroburgo RUS"]
[Date "2009.03.16"]
[Round "8"]
[White "Zimina, Olga"]
[Black "Bezgodova, Maria"]
[Result "1-0"]
[WhiteElo "2363"]
[BlackElo "2101"]
[PlyCount "115"]
[EventDate "2009.03.08"]

1. e4 e5 2. Nf3 Nc6 3. d4 exd4 4. Nxd4 Bc5 5. Nxc6 Qf6 6. Qf3 dxc6 7. Bc4 Qxf3
8. gxf3 Ne7 9. Be3 Bxe3 10. fxe3 Ng6 11. Nd2 Ne5 12. Be2 Bd7 13. Rg1 Ng6 14. f4
Ke7 15. O-O-O Rhg8 16. Nf3 b5 17. h4 Nf8 18. Ne5 Be8 19. Nd3 Nd7 20. e5 Nb6 21.
Bf3 Nd5 22. e4 Nb6 23. Nc5 a5 24. f5 Nc4 25. e6 Ne5 26. Be2 f6 27. h5 g5 28.
hxg6 hxg6 29. Rh1 Rg7 30. Rh8 Rb8 31. Nd7 Rc8 32. Nxe5 fxe5 33. Rf1 Kf6 34.
Rf8+ Ke7 35. Rh8 Kf6 36. fxg6+ Ke7 37. Rff8 Rd8 38. Bg4 c5 39. Bf5 c4 40. c3 c6
41. Rhg8 Rxg8 42. Rxg8 Rd3 43. Rh8 Rg3 44. a3 Rg2 45. Rh7+ Kf6 46. e7 a4 47.
Kd1 Rg1+ 48. Kd2 Rg3 49. Ke1 Rg2 50. Kf1 Rg3 51. Kf2 Rg5 52. Kf3 Rg1 53. Bg4 c5
54. g7 Kf7 55. Bh5+ Kg8 56. Bxe8 Kxh7 57. Bg6+ Rxg6 58. e8=Q 1-0

[Event "X C.to Europeo femminile"]
[Site "San Pietroburgo RUS"]
[Date "2009.03.17"]
[Round "9"]
[White "Brunello, Marina"]
[Black "Kursova, Maria"]
[Result "1-0"]
[WhiteElo "2106"]
[BlackElo "2268"]
[PlyCount "123"]
[EventDate "2009.03.08"]

1. e4 c5 2. c3 Nf6 3. e5 Nd5 4. d4 cxd4 5. Nf3 e6 6. cxd4 d6 7. Bc4 Nc6 8. O-O
Be7 9. exd6 Qxd6 10. Nc3 O-O 11. Re1 b6 12. Ng5 h6 13. Nge4 Qd8 14. Bb3 Na5 15.
Bc2 Bb7 16. a3 Rc8 17. Qd3 f5 18. Ng3 Nxc3 19. bxc3 Bd5 20. Nh5 g5 21. h4 Qe8
22. Bd1 Qc6 23. hxg5 Qxc3 24. Qxc3 Rxc3 25. gxh6 Bd6 26. Bf4 Bxa3 27. Bd2 Rd3
28. Bxa5 bxa5 29. Nf4 Bb2 30. Rxa5 Rxd4 31. Nxd5 exd5 32. Rxa7 Rd2 33. Rd7 Bd4
34. Kh2 Rxf2 35. Bb3 Bf6 36. Bxd5+ Kh8 37. Rb1 Rf4 38. g3 Rf2+ 39. Kh3 Rb2 40.
Rc1 Be5 41. Re1 Bf6 42. Be6 Rb5 43. Rc1 f4 44. g4 Rb6 45. Bf5 Bb2 46. Rh7+ Kg8
47. Rcc7 Be5 48. Rce7 Bf6 49. Rd7 Rb3+ 50. Kg2 f3+ 51. Kg3 Re3 52. Kf2 Rfe8 53.
g5 Bc3 54. Rhf7 Re2+ 55. Kxf3 Bd4 56. Bh7+ Kh8 57. Rxd4 Rf2+ 58. Kxf2 Re2+ 59.
Kf3 Rf2+ 60. Ke4 Re2+ 61. Kf4 Rf2+ 62. Ke5 1-0

[Event "X C.to Europeo femminile"]
[Site "San Pietroburgo RUS"]
[Date "2009.03.17"]
[Round "9"]
[White "Dolzhykova, Kateryna"]
[Black "Sedina, Elena"]
[Result "1/2-1/2"]
[WhiteElo "2294"]
[BlackElo "2380"]
[PlyCount "47"]
[EventDate "2009.03.08"]

1. e4 e6 2. d4 d5 3. Nc3 Bb4 4. e5 c5 5. a3 Bxc3+ 6. bxc3 Ne7 7. Qg4 cxd4 8.
Qxg7 Rg8 9. Qxh7 Qc7 10. Ne2 Nbc6 11. f4 dxc3 12. Qd3 d4 13. Nxd4 Nxd4 14. Qxd4
Bd7 15. Rb1 Nf5 16. Qf2 Bc6 17. Rg1 Rd8 18. Bd3 Rxd3 19. cxd3 Qd8 20. g4 Qxd3
21. gxf5 Qe4+ 22. Kf1 Qd3+ 23. Ke1 Qe4+ 24. Kf1 1/2-1/2